Central Library OPAC University of Rajshahi

এরিয়াল ফটো ইন্টারপ্রিটেশন ও ফটোগ্রামেট্রি = (Aerial Photo Iterpretation and Photogrammetry) / (Record no. 36760)

MARC details
000 -LEADER
fixed length control field 00906nam a22002297a 4500
001 - CONTROL NUMBER
control field 36760
003 - CONTROL NUMBER IDENTIFIER
rucl marc code BD-RjUL36862
005 - DATE AND TIME OF LATEST TRANSACTION
control field 20211209052533.0
008 - FIXED-LENGTH DATA ELEMENTS--GENERAL INFORMATION
fixed length control field 140830s2004 bg a|||| |||| 00| 0 ben d
020 ## - INTERNATIONAL STANDARD BOOK NUMBER
International Standard Book Number 9843218852
035 ## - SYSTEM CONTROL NUMBER
System control number (BD-RjUL)
040 ## - CATALOGING SOURCE
Original cataloging agency BD-RjUL
Language of cataloging ben
Transcribing agency BD-RjUL
Modifying agency BD-RjUL
041 ## - LANGUAGE CODE
Language code of text/sound track or separate title ben
082 ## - DEWEY DECIMAL CLASSIFICATION NUMBER
Classification number 526.982
Author mark and year AHA 2004
Edition number 23
100 ## - MAIN ENTRY--PERSONAL NAME
Personal name আহমদ, রকীব
9 (RLIN) 112139
245 ## - TITLE STATEMENT
Title এরিয়াল ফটো ইন্টারপ্রিটেশন ও ফটোগ্রামেট্রি = (Aerial Photo Iterpretation and Photogrammetry) /
Statement of responsibility, etc. রকীব আহমদ
260 ## - PUBLICATION, DISTRIBUTION, ETC. (IMPRINT)
Place of publication, distribution, etc. ঢাকা :
Name of publisher, distributor, etc. তাহাসিনা রহমান,
Date of publication, distribution, etc. ২০০৪.
300 ## - PHYSICAL DESCRIPTION
Pagination [১২], ১৫০ পৃ. :
Illustrations চিত্র ;
Size ২২ সেমি.
650 ## - SUBJECT ADDED ENTRY--TOPICAL TERM
Topical term or geographic name as entry element ফটোগ্রামেট্রি
9 (RLIN) 112140
Topical term or geographic name as entry element Photogrammetry
9 (RLIN) 112183
942 ## - ADDED ENTRY ELEMENTS (KOHA)
Source of classification or shelving scheme Dewey Decimal Classification
Koha item type Books
Holdings
Lost status Source of classification or shelving scheme Damaged status Not for loan Collection code Permanent Location Current Location Shelving location Date acquired Source of acquisition Cost, normal purchase price Total Checkouts Full call number Date last seen Copy number Koha item type Date checked out
  Dewey Decimal Classification     Non-fiction Central Library, University of Rajshahi Central Library, University of Rajshahi   04/06/2005 Author 130.00   B 526.982 AHA 2004 30/08/2014 C-3 Books  
  Dewey Decimal Classification     Non-fiction Central Library, University of Rajshahi Central Library, University of Rajshahi   04/11/2015 Author 130.00 2 B 526.982 AHA 2004 28/04/2019 C-2 Books 23/04/2019
  Dewey Decimal Classification     Non-fiction Central Library, University of Rajshahi Central Library, University of Rajshahi   04/06/2005 Author 130.00   B 526.982 AHA 2004 23/11/2016 C-4 Books